000 00259nam a22001097a 4500
999 _c15741
_d15741
003 OSt
008 190925b ||||| |||| 00| 0 eng d
082 _a428.1076
_bGEO/WO
100 _aGeorge .
_94282
245 _aWord power from the Reader's Digest
942 _cBK